000 01148nam a2200241 i 4500
001 60720
003 ES-MaACL
005 20251120142804.0
007 t|
008 031106s1909 sp ||||1| spa d
100 1 _aEspinosa, Pedro.
_947898
245 1 0 _aObras de Pedro Espinosa /
_ccoleccionadas y anotadas por D. Francisco Rodríguez Marín ; complemento de la Memoria sobre Espinosa que premió la Real Academia Española, impreso igualmente a sus expensas.
260 _aMadrid :
_b[s.n.],
_c1909 (
_fTip. de la Revista de Archivos)
300 _aVIII, 137 p. ;
_c28 cm.
505 8 _aContiene: Poesías . Obras en prosa . Adiciones y enmiendas al estudio biográfico, bibliográfico y crítico sobre Pedro Espinosa . Glosario
530 _aDisponible en formato digital.
700 1 _aRodríguez Marín, Francisco,
_d1855-1943
_998634
710 2 _aReal Academia Española
_96336
852 _aES-MaACL
_jF-2221
_cDEPO2
_zRevisado enlace: 21 de julio de 2025
856 4 _uhttps://bibliotecadigital.jcyl.es/es/consulta/registro.do?id=21929
_yBiblioteca Digital de Castilla y León
942 _2udc
999 _c60720
_d60720